Power system analysis and design, 5/e, SI edition / (رقم التسجيلة. 31405)

تفاصيل مارك
000 -الفاتح
حقل البيانات ثابتة الطول 00935nam a22002895a 4500
001 - رقم الضبط
رقم الضبط 16682367
003 - محدد رقم الضبط
رقم الضبط OSt
005 - وقت وتاريخ اخر تعامل مع التسجيلة
رقم الضبط 20150408114144.0
008 - عناصر البيانات ثابتة الطول - معلومات عامة
حقل البيانات ثابتة الطول 131022s2012 ohu 000 0 eng
010 ## - رقم ضبط مكتبة الكونجرس
رقم ضبط مكتبة الكونجرس 2011924686
020 ## - الرقم الدولى المعيارى للكتب
الرقم الدولى المعيارى للكتاب 9781111425791
040 ## - مصدر الفهرسة
وكالة الفهرسة الأصلية DLC
وكالة النسخ DLC
042 ## - رمز التحقق
رمز التحقق pcc
082 00 - رقم تصنيف ديوى العشرى
رقم الطبعة 22
رقم التصنيف 621.319
رقم المادة GJP
100 1# - المدخل الرئيسى - إسم شخصى
الإسم الشخصى Glover, J. Duncan.
9 (RLIN) 38112
245 10 - بيان العنوان
العنوان Power system analysis and design, 5/e, SI edition /
بيان المسئوليه,etc J. Duncan Glover, Mulukutia S. Sarma, Thomas J. Overbye.
250 ## - بيان الطبعة
بيان الطبعة 5th ed.
260 ## - PUBLICATION, DISTRIBUTION, ETC. (IMPRINT)
مكان الناشر او الموزع Mason, OH :
اسم الناشر او الموزع South-Western, Cengage Learning,
تاريخ النشر أو التوزيع 2012.
263 ## - تاريخ النشر المتوقع
تاريخ النشر المتوقع 1103
300 ## - الوصف المادى
التعداد xx, 827 p. :
تفاصيل ماديه اخرى للوعاء ill ;
أبعاد الوعاء 26 cm.
500 ## - تبصرة عامة
تبصرة عامة Includes bibliographical references and index.
650 0# - المدخل الاضافى بالموضوع-مصطلح موضوعى
مصطلح موضوعي أو اسم جغرافي كعنصر مدخل Electric power systems
التقسيم الفرعي العام Design and construction
-- Data processing
9 (RLIN) 38113
650 0# - المدخل الاضافى بالموضوع-مصطلح موضوعى
مصطلح موضوعي أو اسم جغرافي كعنصر مدخل Microcomputers
906 ## - عنصر بيانات محلى F, LDF (RLIN)
a 0
b ibc
c orignew
d 2
e epcn
f 20
g y-gencatlg
942 ## - عناصر المدخل الإضافي( كوها)
مصدر التصنيف او مخطط الترفيف Dewey Decimal Classification
Koha [default] item type كتاب
المقتنيات
حالة الفقد نموذج السعر الفعال حالة تلف ليس للاعارة رقم الطلب رقم النسخة تاريخ الاكتساب الموقع الحالي الباركود الفرع الرئيسي Date last seen نوع المادة فى نظام كوها مصدر التصنيف او خطة الترفيف Total Checkouts Date last checked out
  2013-10-22   Not For Loan 621.319 GJP 1 2013-10-22 المكتبة المركزية بالمجمعة (CL) 00206803 المكتبة المركزية بالمجمعة (CL) 2013-10-22 كتاب Dewey Decimal Classification    
  2013-10-22     621.319 GJP 2 2013-10-22 المكتبة المركزية بالمجمعة (CL) 00206802 المكتبة المركزية بالمجمعة (CL) 2016-06-02 كتاب Dewey Decimal Classification 1 2016-05-16
  2013-10-22     621.319 GJP 3 2013-10-22 المكتبة المركزية بالمجمعة (CL) 00206801 المكتبة المركزية بالمجمعة (CL) 2016-01-05 كتاب Dewey Decimal Classification 2 2016-01-05